Islam and the theory of interest / (Record no. 9346)
[ view plain ]
| 000 -LEADER | |
|---|---|
| fixed length control field | 00726cam a22002291 4500 |
| 001 - CONTROL NUMBER | |
| control field | 9346 |
| 003 - CONTROL NUMBER IDENTIFIER | |
| rucl marc code | BD-RjUL |
| 005 - DATE AND TIME OF LATEST TRANSACTION | |
| control field | 20211208234749.0 |
| 008 - FIXED-LENGTH DATA ELEMENTS--GENERAL INFORMATION | |
| fixed length control field | 140120s1946 ii 000 0 eng |
| 035 ## - SYSTEM CONTROL NUMBER | |
| System control number | (BD-RjUL)9391 |
| System control number | (OCoLC)4973967 |
| 040 ## - CATALOGING SOURCE | |
| Original cataloging agency | DLC |
| Transcribing agency | BD-RjUL |
| Modifying agency | BD-RjUL |
| Language of cataloging | eng |
| 041 ## - LANGUAGE CODE | |
| Language code of text/sound track or separate title | eng |
| 082 ## - DEWEY DECIMAL CLASSIFICATION NUMBER | |
| Classification number | 332.82 |
| Author mark and year | QUI 1961 |
| 100 1# - MAIN ENTRY--PERSONAL NAME | |
| Personal name | Qureshi, Anwar Iqbal. |
| 9 (RLIN) | 9804 |
| 245 10 - TITLE STATEMENT | |
| Title | Islam and the theory of interest / |
| Statement of responsibility, etc. | by, Anwar Iqbal Qureshi, With a foreword by Professor Gyanchand and an introduction by Allama Syed Sulaiman Nadvi. |
| 260 ## - PUBLICATION, DISTRIBUTION, ETC. (IMPRINT) | |
| Place of publication, distribution, etc. | Lahore : |
| Name of publisher, distributor, etc. | Shaikh M. Ashraf, |
| Date of publication, distribution, etc. | 1946 [reprint 1961] |
| 300 ## - PHYSICAL DESCRIPTION | |
| Pagination | xxiv, 223 p. ; |
| Size | 22 cm. |
| 650 #0 - SUBJECT ADDED ENTRY--TOPICAL TERM | |
| Topical term or geographic name as entry element | Interest. |
| 9 (RLIN) | 28970 |
| 942 ## - ADDED ENTRY ELEMENTS (KOHA) | |
| Source of classification or shelving scheme | Dewey Decimal Classification |
| Koha item type | Books |
| Lost status | Source of classification or shelving scheme | Damaged status | Not for loan | Collection code | Permanent Location | Current Location | Shelving location | Date acquired | Source of acquisition | Cost, normal purchase price | Total Checkouts | Full call number | Date last seen | Copy number | Koha item type |
|---|---|---|---|---|---|---|---|---|---|---|---|---|---|---|---|
| Dewey Decimal Classification | Non-fiction | Central Library, University of Rajshahi | Central Library, University of Rajshahi | 15/03/1966 | Zeitlinger | 33.00 | 332.82 QUI 1946 | 20/01/2014 | C-2 | Books | |||||
| Dewey Decimal Classification | Non-fiction | Central Library, University of Rajshahi | Central Library, University of Rajshahi | 18/02/1967 | S.m.MIR | 7.50 | 332.82 QUI 1946 | 24/02/2014 | C-3 | Books | |||||
| Dewey Decimal Classification | Non-fiction | Central Library, University of Rajshahi | Central Library, University of Rajshahi | 18/02/1967 | S. M. Mir | 7.50 | 332.82 QUI 1961 | 29/06/2016 | C-4 | Books |